|
|
|
|
| LEADER |
01127nam a2200313 a 4500 |
| 001 |
c000181130 |
| 003 |
CARM |
| 005 |
20050221132300.0 |
| 008 |
881214s1988 enkak 001 0 eng d |
| 015 |
|
|
|a b8916369
|
| 019 |
1 |
|
|a 6190065
|5 LACONCORD2021
|
| 020 |
|
|
|a 0340489359 (Hodder and Stoughton) :
|c No price
|
| 020 |
|
|
|a 0852024037 (pbk) :
|c No price
|
| 035 |
|
|
|a (OCoLC)19068435
|5 LACONCORD2021
|
| 040 |
|
|
|a BNB
|b eng
|c BNB
|d VVUT
|
| 050 |
0 |
0 |
|a TH4817
|
| 082 |
0 |
4 |
|a 690/.8
|2 19
|
| 245 |
0 |
0 |
|a Getting work done on your house /
|c [edited by Edith Rudinger].
|
| 260 |
|
|
|a London :
|b Consumers' Association,
|c c1988.
|
| 300 |
|
|
|a 224 p. ;
|c 20 cm.
|
| 500 |
|
|
|a Includes index.
|
| 500 |
|
|
|a Residences. Maintenance & repair (BNB/PRECIS)
|
| 650 |
|
0 |
|a Dwellings
|x Maintenance and repair.
|
| 700 |
1 |
|
|a Rudinger, Edith.
|
| 710 |
2 |
|
|a Consumers' Association.
|
| 830 |
|
0 |
|a Which? books.
|
| 852 |
8 |
|
|b CARM
|h A2:AK10B0
|i B05401
|p 0248333
|f BK
|
| 999 |
f |
f |
|i 9b9ca98a-3ce6-5a60-87ee-0186a9fd0c5e
|s 2a3ee94d-6e22-5d26-9a56-4124f9cfbf69
|
| 952 |
f |
f |
|p Can circulate
|a CAVAL
|b CAVAL
|c CAVAL
|d CARM 1 Store
|e B05401
|f A2:AK10B0
|h Other scheme
|i book
|m 0248333
|